| 000 | 00460nam a22001817a 4500 | ||
|---|---|---|---|
| 003 | MPLRDC | ||
| 005 | 20220104165640.0 | ||
| 008 | 210129b ||||| |||| 00| 0 eng d | ||
| 020 | _a967-76-0061-3 | ||
| 082 | _a524.962 RAJ | ||
| 100 | _aM.K. RAJAH | ||
| 245 |
_aIMPROVE YOUR ENGLISH. FOR LOWER SECONDARY _c |
||
| 250 | _a初版 | ||
| 260 |
_a _bPUSTAKA UTAMA PELAJARAN S/B _c1988 |
||
| 300 | _b平 | ||
| 650 | _a自修用书 | ||
| 942 |
_cBK _o524.962 RAJ |
||
| 999 |
_c57548 _d57538 |
||